00331nam a2200133Ia 4500008004100000041000800041082001600049100001900065245002000084250001000104260004600114700001800160700001900178230627s9999 xx 000 0 und d amar a345.06bRAN aRanchhoddas R  aLaw Of Evidence a17ed. aNagpurbWadhwa And Company Pvt.Ltd.c1987 a Thakore D.K. aDhirajlal K.T.